| 000 | 01611cam a22003854a 4500 | ||
|---|---|---|---|
| 999 |
_c7921 _d7921 |
||
| 001 | 16265343 | ||
| 003 | GZU | ||
| 005 | 20210513104254.0 | ||
| 008 | 100603s2011 nyu b 001 0 eng | ||
| 010 | _a 2010023373 | ||
| 020 | _a9780415882880 | ||
| 020 | _a0415882885 | ||
| 035 | _a(OCoLC)ocn515427227 | ||
| 040 |
_aDLC _cDLC _dYDX _dBTCTA _dYDXCP _dCDX _dBWX _dITD _dDLC |
||
| 050 | 0 | 0 |
_aHQ1075 CAH 2011 _b.C34 2011 |
| 082 | 0 | 0 |
_a306.7082 _222 |
| 100 | 1 | _aCahill, Ann J. | |
| 245 | 1 | 0 |
_aOvercoming objectification : _ba carnal ethics / _cAnn J. Cahill. |
| 260 |
_aNew York : _bRoutledge, _c2011. |
||
| 300 |
_axiv, 181 p. ; _c24 cm. |
||
| 490 | 1 |
_aRoutledge research in gender and society ; _v27 |
|
| 500 | _aIncludes bibliography | ||
| 504 | _aIncludes bibliographical references (p. [159]-176) and index. | ||
| 505 | 0 | _aTroubling objectification -- Derivatization -- Masculine sex objects -- Unsexed women -- Objectification and/in sex work -- Sexual violence and objectification -- Conclusion: feeling bodies. | |
| 650 | 0 | _aSex role. | |
| 650 | 0 |
_aWomen _xIdentity. |
|
| 650 | 0 |
_aWomen _xSexual behavior. |
|
| 650 | 0 | _aSex (Psychology) | |
| 650 | 0 | _aObjectification (Social psychology) | |
| 830 | 0 |
_aRoutledge research in gender and society ; _v27. |
|
| 856 | 4 | 2 |
_3Contributor biographical information _uhttp://www.loc.gov/catdir/enhancements/fy1201/2010023373-b.html |
| 906 |
_a7 _bcbc _corignew _d1 _eecip _f20 _gy-gencatlg |
||
| 942 |
_2lcc _cBK _h1075 _iCAH _kHQ |
||